000 00978cam a22002653a 4500
001 9900
003 PGUSA
005 20140828083217.0
008 060201s2006||||xxu|||||s|||||000 | eng d
040 _aPGUSA
_beng
042 _adc
050 4 _aDA
100 1 _aCook, Richard B.
_q(Richard Briscoe),
_d1838-1916
245 1 4 _aThe Grand Old Man :
_bOr, the Life and Public Services of the Right Honorable William Ewart Gladstone, Four Times Prime Minister of England
_h[electronic resource] /
_cRichard B. Cook
260 _bProject Gutenberg,
_c2006
506 _aPublic domain in the USA.
516 _aElectronic text
653 _aPrime ministers -- Great Britain -- Biography
653 _aLiberal Party (Great Britain) -- Biography
653 _aGreat Britain -- Politics and government -- 1837-1901
653 _aGladstone, W. E. (William Ewart), 1809-1898
830 0 _aProject Gutenberg
_v9900
856 4 0 _uhttp://www.gutenberg.org/ebooks/9900
942 _cEB
999 _c239156
_d239156